[Event "HokkaidoCh2018"]
[Site "?"]
[Date "2018.03.24"]
[Round "1.8"]
[White "WILLIAMS, Richard"]
[Black "AOKI, Yasuhiro"]
[Result "0-1"]
[WhiteElo "1209"]
[BlackElo "1620"]
[Annotator "Fritz 15 (30s)"]
[PlyCount "54"]
[SourceDate "2018.03.25"]

{B08: Pirc Defence: Classical System} 1. e4 d6 2. Nf3 Nf6 3. Nc3 g6 4. d4 Bg7
5. Bc4 O-O 6. O-O Nxe4 7. Bd2 $146 (7. Bxf7+ Rxf7 8. Nxe4 h6 9. h3 (9. Qd3 Bf5
(9... Nd7 10. Ng3 Kh7 11. Nh5 Bh8 12. Nf4 Nf8 13. Nh4 Rf6 14. Re1 e6 15. Nf3
Bd7 16. Bd2 Kg8 17. h3 Be8 18. Nh2 g5 19. Ne2 Bg6 20. Qb3 Rf7 21. f4 Rb8 22.
Nf3 Bf6 23. Ng3 Be7 24. fxg5 {Severina,M (2185)-Drozdova,D (2242) Moscow 2012
1-0 (42)}) 10. Qe3 Nc6 11. c3 e5 12. dxe5 Nxe5 13. Nxe5 Bxe5 14. Ng3 Bg7 15.
Nxf5 Rxf5 16. Bd2 Qe8 17. Qd3 Qf7 18. b3 Re8 19. Be3 Rd5 20. Qc2 Qf5 21. Rac1
Qxc2 22. Rxc2 a5 23. c4 Rf5 {Anastasian,A (2540)-Ehlvest,J (2610) New York
1998 1/2-1/2}) (9. Be3 Bg4 10. Ned2 Nc6 11. c3 g5 12. Qb3 Na5 13. Qa4 b6 14. b4
Bd7 15. Qd1 Nc6 16. Rc1 g4 17. Ne1 e5 18. d5 Ne7 19. Ne4 Nf5 20. Ng3 Nxe3 21.
fxe3 Rxf1+ 22. Nxf1 Qg5 23. Qe2 Rf8 {Basman,M (2370)-Nunn,J (2350) London 1973
0-1}) 9... d5 (9... Qf8 10. Re1 Nc6 11. d5 Rxf3 12. gxf3 Nd4 13. Kg2 g5 14. c3
Nf5 15. Rh1 Nh4+ 16. Kf1 Nxf3 17. Be3 Bd7 18. Nd2 Nh4 19. Qb3 b6 20. Ke2 Qf7
21. Rag1 e6 22. dxe6 Bxe6 23. Qa4 Bd5 24. Kd1 {Honfi,K (2470)-Adorjan,A (2515)
Hungary 1974 0-1 (41)}) 10. Nc5 Nc6 11. c3 Qf8 12. Ne5 Nxe5 13. dxe5 c6 14. f4
b6 15. Nb3 g5 16. Nd4 c5 17. Nf3 Ba6 18. Re1 gxf4 19. Qxd5 Qd8 20. Qe6 Qd3 21.
Bxf4 Raf8 {Medina Garcia,A (2380)-Andersson,U (2535) Las Palmas 1972 1-0 (40)})
(7. Nxe4 $142 $5 {and White can hope to survive} d5 8. Bd3 dxe4 9. Bxe4 $11)
7... Nxd2 $17 8. Qxd2 Bg4 9. Be2 Nc6 10. a3 (10. d5 $142 $5 Bxf3 11. Bxf3 $17)
10... Bxf3 $19 11. Bxf3 Nxd4 12. Bxb7 (12. Bg4 e6 $19) 12... Rb8 13. Be4 Rxb2
14. Na4 Rb8 15. c3 $2 (15. Rab1 $19) 15... Nb3 16. Qd1 (16. Qa2 {doesn't
change anything anymore} Nxa1 17. Rxa1 c5 $19) 16... Nxa1 17. Qxa1 c5 18. Qd1 (
18. Bc2 {doesn't get the bull off the ice} c4 $19) 18... Qa5 19. Qc2 (19. c4 {
hardly improves anything} Bb2 $19) 19... Qb5 (19... c4 $142 $5 {might be the
shorter path} 20. Rd1 $19) 20. c4 (20. Qd1 {doesn't get the cat off the tree}
Qb3 21. Bc2 Qxa3 $19) 20... Qb3 21. Qxb3 (21. Re1 {does not win a prize} Qxa3
22. Kf1 Qb3 $19) 21... Rxb3 22. Bc6 (22. Bc2 {a fruitless try to alter the
course of the game} Rxa3 23. Rb1 Bd4 $19) 22... Rfb8 23. Bb5 (23. Re1 {does
not save the day} Rxa3 24. Kf1 Bd4 $19) 23... Rxa3 24. Rb1 (24. Nxc5 {doesn't
do any good} dxc5 25. g3 Ra1 $19) 24... Rxa4 $1 {Deflection: b5} 25. g3 (25.
Bxa4 Rxb1+ {Mate attack Deflection Pinning}) 25... a6 26. Bxa4 Rxb1+ 27. Kg2
Rb4 (27... Rb4 28. Bc6 a5 29. h4 a4 30. Bxa4 Rxa4 31. g4 Rxc4 32. h5 Rd4 33.
hxg6 fxg6 34. f4 Rxf4 35. g5 Be5 36. Kh3 Rf2 37. Kg4 Kf7 38. Kh3 Ke6 39. Kg4 d5
40. Kh3 Kf5 41. Kh4 Rh2#) 0-1

[Event "HokkaidoCh2018"]
[Site "?"]
[Date "2018.03.24"]
[Round "2.1"]
[White "WATANABE, Katsumi"]
[Black "SUGIMOTO, Koichi"]
[Result "0-1"]
[WhiteElo "1657"]
[BlackElo "1960"]
[Annotator "Fritz 15 (30s)"]
[PlyCount "50"]
[SourceDate "2018.03.25"]

{D10: Slav Defence: 3 cxd5 (without early Nf3) and 3 Nc3} 1. d4 d5 2. c4 c6 3.
b3 (3. cxd5 Nf6 4. dxc6 Nxc6 5. Nf3 Bg4 6. e3 e5 7. Bb5 e4 8. h3 exf3 9. hxg4
fxg2 10. Rg1 Qd5 11. Nc3 Bb4 12. Qa4 Bxc3+ 13. bxc3 Nxg4 14. Ba3 Qf3 15. Qc2
O-O-O 16. Qe2 Nh2 17. O-O-O Rd5 {Drozdovskij,Y (2509)-Dobrov,V (2515)
playchess.com INT 2006 0-1 (65)}) (3. Qc2 g6 4. cxd5 cxd5 5. Nc3 Nf6 6. Bg5 Bg7
7. Nf3 Nc6 8. e3 O-O 9. Be2 Ne4 10. Bh4 Bf5 11. Qb3 Nxc3 12. bxc3 Qd7 13. O-O
a6 14. Qb6 Rfc8 15. Rac1 Qd8 16. Qxd8+ Rxd8 17. c4 h6 {Mateo,R (2453)-Gonzalez,
V (2291) Ses Salines 2010 1-0 (36)}) 3... Nf6 4. Nf3 Ne4 $146 (4... Bf5 5. g3
e6 6. Nbd2 Ne4 7. Nxe4 Bxe4 8. Bg2 Be7 9. O-O O-O 10. Ne1 Bxg2 11. Kxg2 Bf6 12.
Ba3 Re8 13. Nf3 Nd7 14. Qd2 b5 15. cxb5 cxb5 16. Rac1 Rc8 17. Rxc8 Qxc8 18. Rc1
Qa6 {1/2-1/2 (18) Gosztola,I (2183)-Toth,J (2220) Hungary 2007}) 5. Nbd2 Qa5 6.
Bb2 e6 (6... dxc4 7. bxc4 e5 8. Qc2 Nxd2 9. Nxd2 exd4 10. Bxd4 $11) 7. e3 Bb4
8. Bd3 O-O 9. O-O (9. a3 $5 Nxd2 10. Nxd2 $14) 9... Nxd2 $11 10. Nxd2 Bxd2 11.
a3 {Controls b4} dxc4 12. b4 $4 (12. Bxc4 $142 {would be a reprieve} Nd7 13.
Qc2 $11) 12... Qd5 $19 13. Bxh7+ Kxh7 14. Qxd2 Nd7 15. Rae1 f5 16. Qc3 Nf6 17.
f3 Bd7 18. e4 (18. Qc2 Be8 $19) 18... fxe4 19. fxe4 $2 (19. Qc2 Qh5 20. Qxc4
exf3 21. Rxf3 Kg8 $19) 19... Qg5 (19... Nxe4 $142 $5 {keeps an even firmer grip
} 20. Qe3 Rxf1+ 21. Rxf1 $19) 20. Rf3 $2 (20. Qxc4 $142 Rad8 21. Bc1 $19) 20...
Nh5 21. e5 (21. Rh3 e5 22. Bc1 Qg6 $19) 21... Kg8 22. Rh3 (22. Bc1 Qg4 23. Rfe3
$19) 22... Rf5 23. Bc1 Qg4 24. Qxc4 Raf8 (24... c5 $5 {might be the shorter
path} 25. Rhe3 cxd4 26. Re4 $19) 25. Rhe3 (25. Be3 $19 {is still a small chance
}) 25... Rf2 (25... Rf2 26. Qf1 Rxf1+ 27. Rxf1 Nf4 28. Rxf4 Qd1+ 29. Kf2 Rxf4+
30. Rf3 Rxf3+ 31. gxf3 Qxc1 32. a4 Qd2+ 33. Kg3 Be8 34. h4 Bh5 35. b5 Qe3 36.
bxc6 Qg1+ 37. Kh3 Bxf3 38. h5 Qg2+ 39. Kh4 Qg4#) 0-1

[Event "HokkaidoCh2018"]
[Site "?"]
[Date "2018.03.24"]
[Round "2.2"]
[White "DRAKAKIS, Athanasios"]
[Black "MANABE, Akihiro"]
[Result "1-0"]
[WhiteElo "1827"]
[BlackElo "1723"]
[Annotator "Fritz 15 (30s)"]
[PlyCount "33"]
[SourceDate "2018.03.25"]

{A47: 1 d4 Nf6 2 Nf3 b6: Torre, London and Colle Systems} 1. d4 Nf6 2. Nf3 e6
3. Bg5 c5 4. e3 cxd4 5. exd4 Be7 6. c3 b6 7. Nbd2 Bb7 8. Bd3 h6 (8... Nd5 9.
Bxe7 Qxe7 10. g3 Ba6 11. Bxa6 Nxa6 12. Qe2 Nac7 13. Ne5 d6 14. Nd3 O-O 15. f4
b5 16. O-O Qd7 17. Ne4 Qc6 18. Rac1 Rae8 19. h3 Re7 20. Kh2 Ne8 21. a3 a5 22.
Qf3 Rc7 23. Rf2 {Kamsky,G (2650)-Sax,G (2600) Manila 1990 0-1 (61)}) 9. Bxf6
Bxf6 {Black has the pair of bishops} 10. O-O $146 (10. Qe2 O-O (10... d6 11. h4
Nd7 12. Ba6 Bxa6 13. Qxa6 d5 14. a4 O-O 15. Kf1 Re8 16. g3 e5 17. dxe5 Bxe5 18.
a5 Nc5 19. Qb5 Bc7 20. a6 Ne4 21. Rd1 Qf6 22. Kg2 Rad8 23. Rhe1 Qg6 24. Nf1 Qd6
25. Ne3 {Garcia Palermo,C (2444)-Ye,J (2681) Tripoli 2004 1/2-1/2 (33)}) 11.
O-O d6 12. Rfe1 g6 13. Be4 Bxe4 14. Nxe4 Bg7 15. Rad1 d5 16. Ned2 Nc6 17. Ne5
Nxe5 18. dxe5 b5 19. Nb3 Qb6 20. Rd4 Rfc8 21. h4 Rc4 22. Red1 a5 23. Rxc4 bxc4
24. Nd4 Bf8 {Kireev,A (2382)-Cvek,R (2509) Pardubice 2006 0-1 (51)}) (10. Ne4
Be7 11. O-O O-O 12. Re1 Na6 13. Bc2 Nc7 14. Qd3 g6 15. Ne5 Nd5 16. Qg3 Kh7 17.
Rad1 Bh4 18. Qf3 d6 19. Nc4 Ba6 20. Ne3 {1/2-1/2 (20) Damaso,R (2385)-Ochoa de
Echaguen,F (2400) Havana 1990}) 10... O-O 11. Re1 d6 {Prevents intrusion on e5}
12. Ne4 Be7 13. Ng3 Nd7 14. Qe2 Nf6 15. Rad1 Nd5 $4 {Black loses the upper hand
} (15... Qd7 $142 $11 {would keep Black in the game}) 16. Qe4 $18 Re8 $4 {
Black falls apart} (16... g6 $142 17. c4 Nc3 18. Qxb7 Nxd1 19. Rxd1 Re8 $18)
17. Qh7+ (17. Qh7+ Kf8 18. Qh8#) 1-0

[Event "HokkaidoCh2018"]
[Site "?"]
[Date "2018.03.24"]
[Round "2.3"]
[White "AOKI, Yasuhiro"]
[Black "YOSHII, Yukihiko"]
[Result "1/2-1/2"]
[WhiteElo "1620"]
[BlackElo "1783"]
[Annotator "Fritz 15 (30s)"]
[PlyCount "98"]
[SourceDate "2018.03.25"]

{A29: English Opening: Four Knights Variation with 4 g3} 1. c4 e5 2. Nc3 Nf6 3.
Nf3 Nc6 4. g3 d5 5. cxd5 Nxd5 6. Bg2 Nxc3 7. bxc3 Bd6 (7... e4 8. Ng1 f5 9. f3
e3 10. dxe3 Qxd1+ 11. Kxd1 Be6 12. Nh3 O-O-O+ 13. Kc2 Bc4 14. Nf4 g6 15. Nd3
Bg7 16. e4 fxe4 17. fxe4 Ne5 18. Nxe5 Bxe5 19. Bf3 Rhe8 20. Bg5 Rd6 21. Rhd1
Rc6 22. a4 {Larsen,B (2620)-Timman,J (2625) Bled 1979 1/2-1/2 (50)}) 8. d3 $146
(8. O-O O-O 9. Rb1 (9. d4 Bg4 10. Rb1 Rb8 11. dxe5 Nxe5 12. Nxe5 Bxe5 13. Rxb7
Rxb7 14. Bxb7 Bh3 15. Bg2 Bxg2 16. Kxg2 Bxc3 17. Bf4 Ba5 18. Qxd8 {1/2-1/2 (18)
Fatalibekova,E (2216)-Fomina,T (2232) Condino 2009}) 9... Qe7 (9... Rb8 10. Qc2
Be6 11. d4 h6 12. Rd1 exd4 13. cxd4 Ne7 14. Ne5 c6 15. Nd3 Qc7 16. e4 Qc8 17.
Bf4 Rd8 18. Bxd6 Rxd6 19. Qc5 Qd8 20. Nf4 b6 21. Qc3 Bg4 22. f3 Bc8 23. Rbc1
Rb7 24. e5 {Christiansen,L (2550)-Tomczak,R (2315) Cologne 1989 1-0 (53)}) 10.
d3 Nd8 11. Nd2 Ba3 12. Bxa3 Qxa3 13. Qc2 Qe7 14. Nc4 c6 15. Rb2 Bd7 16. a4 b6
17. d4 exd4 18. cxd4 Rc8 19. a5 b5 20. Ne5 Ne6 21. e3 c5 22. d5 Nd8 {Meduna,E 
(2425)-Ambroz,J (2200) Marianske Lazne 1978 1-0 (43)}) 8... O-O 9. O-O h6 {
Covers g5} 10. Rb1 Rb8 11. Nd2 Bd7 12. Nc4 Qe7 13. Nxd6 Qxd6 {White has the
pair of bishops} 14. Qc2 b6 15. Be3 Ne7 16. Rfd1 Qe6 17. d4 exd4 18. cxd4 c6 {
Consolidates d5} 19. Bf4 Rbc8 20. e4 Rfd8 (20... f5 21. f3 $14) 21. Qa4 $16 b5
22. Qa3 Ng6 23. Bd2 Ra8 (23... f5 24. e5 $16) 24. Ba5 Rdc8 25. Rbc1 Qe7 26. Bb4
Qf6 27. Bd6 (27. f4 a5 28. Bc5 Re8 $16) 27... a5 28. Qc5 {[%cal Ye4e5] White
plans e5} Qe6 (28... Nf8 29. f4 $16) 29. Rd2 a4 (29... Qg4 30. f4 $16) 30. Qa3
Ra6 (30... Qf6 31. f4 h5 32. f5 $18) 31. f4 $18 f5 (31... Qe8 32. f5 Nf8 33.
Rf2 $18) 32. e5 Kh8 (32... Qf7 33. Rdc2 Raa8 34. Qd3 $18) 33. d5 cxd5 34. Rxc8+
Bxc8 35. Bxd5 Qe8 36. Qc5 Bd7 (36... Kh7 37. e6 $1 $18 {a devastating blow})
37. Bb7 Rc6 (37... Ra8 {doesn't change the outcome of the game} 38. h4 h5 39.
Bxa8 Qxa8 40. Qd5 $18) 38. Bxc6 Bxc6 39. Rc2 Bd7 40. Qc7 Qe6 (40... Be6 {
doesn't improve anything} 41. Qc6 Qg8 42. Qxb5 Bxa2 43. Rc7 $18) 41. Bb4 (41.
Qb7 $5 {seems even better} Kg8 $18) 41... Qd5 42. Qd6 Qe4 43. Qd2 (43. Rc7 $142
{and White takes home the point} Qb1+ 44. Kf2 Qxa2+ 45. Qd2 $18) 43... Bc6 44.
Rxc6 $1 {White goes into the lead} Qxc6 45. Qc3 {White threatens to win
material: Qc3xc6} (45. a3 Qb6+ 46. Qf2 Qd8 $16) 45... Qe4 (45... Qxc3 $5 46.
Bxc3 Ne7 $11) 46. a3 $14 {Black has a new backward pawn: b5} Kh7 47. Qc5 (47.
Kf2 Nxf4 48. gxf4 Qxf4+ 49. Kg2 Qe4+ 50. Kg1 Qg4+ 51. Qg3 Qd4+ 52. Kg2 g5 $16)
47... Qe2 48. Qf2 {White threatens to win material: Qf2xe2} Qc4 (48... Qd1+ 49.
Kg2 $14) 49. Qc5 Qe2 1/2-1/2

[Event "HokkaidoCh2018"]
[Site "?"]
[Date "2018.03.24"]
[Round "2.4"]
[White "SONOMOTO, Shinji"]
[Black "KIMURA, Ryota"]
[Result "0-1"]
[WhiteElo "1740"]
[BlackElo "1625"]
[Annotator "Fritz 15 (30s)"]
[PlyCount "66"]
[SourceDate "2018.03.25"]

{D02: 1 d4 d5 2 Nf3 sidelines, including 2...Nf6 3 g3 and 2...Nf6 3 Bf4} 1. d4
d5 2. Nf3 Nf6 3. Nbd2 e6 4. c3 $146 (4. Nb3 a5 5. Bg5 a4 6. Nbd2 Be7 7. e3 c5
8. Bb5+ Bd7 9. Bxd7+ Qxd7 10. O-O Nc6 11. c3 O-O 12. Re1 h6 13. Bh4 Rfd8 14.
Rc1 Ne4 15. Bg3 Nxg3 16. hxg3 b5 17. Qe2 Rab8 18. Nf1 Rdc8 {Ojanen,P (2230)
-Raaste,E (2370) Finland 1987 0-1 (100)}) (4. e3 b6 (4... Bd6 5. Bd3 b6 6. e4
dxe4 7. Nxe4 Bb7 8. Qe2 Nbd7 9. Bg5 h6 10. Bh4 Qe7 11. O-O-O g5 12. Nxd6+ cxd6
13. Bg3 Nd5 14. Qd2 O-O-O 15. c4 Nc7 16. Qb4 Nf6 17. Qa3 Kb8 18. c5 dxc5 19.
dxc5 {Reinhardt,B (2347)-Mueller,R (2209) Germany 2007 0-1 (40)}) (4... Be7 5.
Bd3 b6 6. Qe2 Bb7 7. Ne5 O-O 8. O-O Nbd7 9. f4 Ne4 10. c3 f6 11. Nxd7 Qxd7 12.
Nxe4 dxe4 13. Bb5 Qd6 14. Bd2 c5 15. Rad1 a6 16. Bc4 cxd4 17. exd4 b5 18. Bb3
f5 19. Be3 {Kubien,J (2300)-Schurade,M (2350) Dresden 1987 1/2-1/2 (66)}) 5. c3
Bb7 6. Bd3 (6. Bb5+ c6 7. Bd3 Nbd7 8. O-O Be7 9. Ne5 Nxe5 10. dxe5 Nd7 11. f4
Qc7 12. e4 Nc5 13. Bc2 O-O-O 14. Qf3 g6 15. a4 Ba6 16. exd5 cxd5 17. Rd1 d4 18.
cxd4 Rxd4 19. Qa8+ Qb8 20. Qc6+ Qc7 {Calvo Sanchez,J (2230)-Ochoa de Echaguen,
F (2400) Spain 1990 1-0}) 6... Nbd7 7. O-O Ne4 8. Ne5 Bd6 9. f4 O-O 10. g4 f6
11. Nxd7 Qxd7 12. Nxe4 dxe4 13. Bc4 Bd5 14. Be2 Qc6 15. Qc2 e5 16. dxe5 fxe5
17. f5 Be7 18. c4 Bg5 {Votava,J (2425)-Polak,T (2410) Stockerau 1993 1-0 (55)})
4... c5 5. Qc2 Nc6 6. e4 (6. e3 Bd7 $11) 6... cxd4 $15 7. e5 (7. exd5 $5 Nxd5
8. cxd4 $15) 7... dxc3 $17 8. exf6 cxd2+ 9. Bxd2 Qxf6 10. Bg5 (10. Bb5 $5 Bd7
11. O-O $17) 10... Bb4+ $19 11. Kd1 (11. Bd2 Bxd2+ 12. Qxd2 a6 $19) 11... Qg6
12. Bd3 Qh5 13. h3 (13. a3 Bd6 14. Be2 O-O $19) 13... f5 (13... e5 {and Black
can already relax} 14. a3 e4 15. axb4 exf3 16. Re1+ Be6 17. h4 $19) 14. a3 (14.
Bf4 Bd7 $19) 14... Bd6 15. Bb5 (15. Be3 O-O 16. Be2 Qg6 $19) 15... Bd7 16. Re1
Rc8 (16... O-O $142 {and Black wins} 17. Be3 Rac8 $19) 17. Qxf5 $11 {[%cal
Re1e6,Rf5e6,Gd7e6] Attacks the backward pawn on e6. Black cannot castle king
side} e5 $4 {throwing away the advantage} (17... Qf7 $142 {was much better} 18.
Qxd5 Be7 19. Qxd7+ Kxd7 20. Ne5+ Ke8 21. Nxf7 Kxf7 22. Bxe7 Kxe7 23. Bxc6 Rxc6
$11) 18. Bxc6 $18 Rxc6 19. Rxe5+ Bxe5 20. Qxe5+ Kf7 21. Qe7+ Kg8 22. Qxd7 h6
23. Qxd5+ Kh7 24. Qd3+ Kg8 (24... Qg6 25. Qxg6+ Rxg6 $18) 25. Qd7 $4 {spoils
everything} (25. Be3 $142 $18 {nails it down}) 25... hxg5 $11 26. Qxb7 $4 {
there were better ways to keep up the pressure} (26. Qd5+ $142 Kf8 27. Ke1 $11)
26... Qg6 $4 {throws away the game} (26... Rhh6 $142 {and Black can look
forward to a comfortable game} 27. Qb8+ Kh7 $19) 27. Qb3+ $4 {a transit from
better to worse} (27. Qa8+ $142 Kh7 28. Nxg5+ Qxg5 29. Qxc6 $16) 27... Kh7 $15
28. Qb5 $4 {[%cal Rb5g5,Rf3g5,Gg6g5] The isolani on g5 becomes a target} (28.
Ke1 $142 {the only rescuing move} Re8+ 29. Kf1 $15) 28... Re8 (28... Qc2+ 29.
Ke1 Re8+ 30. Ne5 Rce6 31. Kf1 Rxe5 32. Qxe5 Rxe5 33. Kg1 Qxb2 34. Rf1 Re2 35.
a4 Qa2 36. a5 Qxa5 37. Kh1 Re1 38. Kg1 Qa1 39. Rxe1 Qxe1+ 40. Kh2 Qxf2 41. Kh1
Kh6 42. Kh2 Kh5 43. Kh1 Kh4 44. Kh2 Qb2 45. Kg1 Kg3 46. Kf1 Qf2#) 29. Nxg5+ (
29. Rc1 {no good, but what else?} Rd8+ 30. Nd2 Rxd2+ 31. Kxd2 Qd6+ 32. Ke2 Qe7+
33. Kd2 Qd7+ 34. Qd3+ Qxd3+ 35. Kxd3 Rxc1 36. Kd2 $19) 29... Kh8 30. Nf7+ Kg8
31. Ne5 (31. Rc1 {does not win a prize} Rxc1+ 32. Kxc1 Rc8+ 33. Kd2 Qxf7 $19)
31... Qd6+ 32. Nd3 Qe6 33. Qh5 (33. Ne5 {there is nothing else anyway} Rd6+ 34.
Ke1 $19) 33... Qb3+ (33... Qb3+ 34. Kd2 Qc2#) 0-1

[Event "HokkaidoCh2018"]
[Site "?"]
[Date "2018.03.24"]
[Round "2.5"]
[White "SHIBUYA, Kaisei"]
[Black "SATO, Yasuji"]
[Result "1-0"]
[WhiteElo "1582"]
[BlackElo "1614"]
[Annotator "Fritz 15 (30s)"]
[PlyCount "79"]
[SourceDate "2018.03.25"]

{C53: Giuoco Piano sidelines} 1. e4 e5 2. Nf3 Nc6 3. Bc4 Bc5 4. c3 Na5 $146 (
4... Qf6 5. d3 (5. b4 Bb6 6. O-O d6 7. d3 a6 8. Be3 Ba7 9. Nbd2 Nge7 10. a4 h6
11. b5 Nd8 12. Bxa7 Rxa7 13. b6 cxb6 14. Qb3 O-O 15. Qxb6 Ndc6 16. h3 Bd7 17.
Bd5 Nc8 18. Qe3 N6e7 19. Nc4 b5 {Lehtivaara,R (2174)-Kivimaki,J (2210) Finland
2010 1-0 (40)}) (5. d4 Bb6 (5... exd4 6. O-O d6 7. Bg5 Qg6 8. cxd4 Nxd4 9. Nxd4
Qxg5 10. Bb5+ Kf8 11. Nb3 Bb6 12. Nc3 Nf6 13. Kh1 Ng4 14. f4 Qh4 {0-1 (14)
Rossmann,H (2290)-Kostyra,S (2335) Rostock 1988}) 6. O-O d6 7. dxe5 Nxe5 8.
Nxe5 dxe5 9. Be3 Ne7 10. Qd2 h6 11. f4 exf4 12. Bd4 Ng6 13. Kh1 Bxd4 14. cxd4
O-O 15. Nc3 c6 16. e5 Qh4 17. Rae1 Be6 18. Qd3 Ne7 19. Ne2 Bxc4 {Hund,B (2245)
-Pieper Emden,C (2335) Germany 1986 1/2-1/2 (33)}) 5... d6 6. Be3 (6. Nbd2 h6
7. Bb3 g5 8. O-O Nge7 9. Ne1 g4 10. Nc4 Qg7 11. Be3 f5 12. Bxc5 dxc5 13. exf5
Bxf5 14. Ne3 Bd7 15. N1c2 O-O-O 16. Nd5 Ng6 17. Qe2 Nf4 18. Qe3 h5 19. Nxf4
exf4 20. Qxf4 h4 {Shahade,G (2455)-Gonzales,J (2432) New York 2001 0-1 (45)})
6... Bb6 7. Nbd2 Nge7 8. O-O O-O 9. d4 h6 10. Qa4 Bd7 11. d5 Nb8 12. Bb5 Bxb5
13. Qxb5 c6 14. Qb3 Nd7 15. Nc4 Bxe3 {1/2-1/2 (15) Donchev,D (2455)-Danailov,S
(2345) Sofia 1984}) (4... Nf6 $5 $11) 5. Bb5 Bb6 6. d4 exd4 7. cxd4 h6 {
Secures g5} (7... Ne7 8. d5 Ng6 9. Nc3 $16) 8. O-O a6 9. Ba4 Ne7 10. Qe2 {
Black has a cramped position. Black's piece can't move: c8} (10. b4 Nac6 11. d5
Nb8 $16) 10... O-O $14 11. d5 {Black has a cramped position. Black's pieces
can't move: a5+c8} Ba7 12. b4 b5 13. Bxb5 (13. Bc2 $142 $5 {should be examined
more closely} Nc4 14. Nbd2 $14) 13... axb5 $11 14. bxa5 {Black has the pair of
bishops} Ba6 {Blocks the pawn on a5} 15. Qc2 {Black has a cramped position} (
15. Be3 c5 $11) 15... Ng6 (15... c6 16. Re1 $15) 16. Nc3 (16. Rd1 $11) 16... d6
{Black has a new backward pawn: c7} (16... b4 $142 $5 {and Black is still in
the game} 17. Ne2 Nh4 $15) 17. Re1 Ne5 (17... b4 18. Nd1 $14) 18. Nxe5 $16 dxe5
19. Bb2 (19. Ba3 Re8 20. Rab1 Qd7 $16) 19... b4 {Black threatens to win
material: b4xc3} 20. Na4 Qd6 (20... c6 21. Nb6 Bxb6 22. axb6 Qxb6 23. Bxe5 cxd5
24. exd5 $16) 21. Rac1 $16 Rfe8 (21... Bb5 22. Nc5 $16) 22. Nc5 (22. Qxc7 Qxc7
23. Rxc7 $16) 22... Rab8 (22... Bb5 $142 $5 $16) 23. Nxa6 $18 Qxa6 24. Bxe5 $4
{ruins a very nice position} (24. Qxc7 $142 Rbc8 25. Rc6 Rxc7 26. Rxa6 $18)
24... f6 $4 {makes life more difficult} (24... Rxe5 $142 25. Qxc7 Rbe8 $17) 25.
Bg3 (25. Bxc7 $142 $5 {seems even better} Rbc8 26. d6 Qb5 $18) 25... Qxa5 (
25... Ra8 {does not improve anything} 26. Bxc7 Bb8 27. d6 Bxc7 28. dxc7 Qxa5
29. Red1 $18) 26. Bxc7 Bxf2+ (26... Qa6 {is one last hope} 27. Bxb8 Rxb8 $18)
27. Kxf2 Qa7+ 28. Kf1 Rb7 (28... Rbc8 {is not much help} 29. d6 Red8 30. Qb3+
Kh7 31. Qd3 $18) 29. d6 Qa6+ (29... Rf8 {doesn't get the bull off the ice} 30.
d7 f5 31. e5 $18) 30. Qc4+ Qxc4+ 31. Rxc4 Kf8 (31... b3 {hardly improves
anything} 32. axb3 Rxb3 33. d7 $18) 32. d7 Ra8 33. d8=Q+ Rxd8 34. Bxd8 Ke8 35.
Rd1 Rb5 36. Rc7 Re5 (36... b3 {does not solve anything} 37. axb3 Rb8 38. Rxg7
Rxd8 39. Rg8+ Ke7 40. Rgxd8 Kf7 41. R1d6 Kg6 42. Kf2 h5 43. h4 Kf7 44. R8d7+
Kf8 45. Rb7 Ke8 46. Rxf6 Kd8 47. Rf8#) 37. Rxg7 Rxe4 (37... Kf8 {is no
salvation} 38. Bxf6 Rxe4 39. Rc7 Rf4+ 40. Kg1 Re4 41. Rh7 h5 42. Rdd7 Re1+ 43.
Kf2 Rf1+ 44. Kxf1 Kg8 45. Rh8#) 38. Re7+ (38. Bb6 Kf8 39. Rh7 Rf4+ 40. Bf2 Ke8
41. Rdd7 Re4 42. Ra7 Re7 43. Rhxe7+ Kf8 44. Reb7 f5 45. Ra8#) 38... Rxe7 39.
Bxe7 Kxe7 40. Rb1 (40. Rb1 h5 41. Rxb4 f5 42. a4 h4 43. a5 Kd6 44. a6 h3 45. a7
Kc5 46. Rf4 hxg2+ 47. Kg1 Kd6 48. a8=Q Ke6 49. Qa5 Ke7 50. Qd5 Kf6 51. Rxf5+
Kg6 52. Qf7+ Kh6 53. Rh5#) 1-0